00767cam a2200241 4500008004100000020001500041035001200056050002500068050002500093100001800118245008100136250001200217260004000229300002900269440002800298500003400326504003400360504002100394506002000415650002800435650002900463700003300492050125r2002 sp a 000 0 spa u a8420670200 aa44316300aNX600 b.R6 H66 200200aN6465 b.R6 H66 20021 aHonour, Hugh.13aEl romanticismo /cHugh Honour ; vers. española de Remigio Gómez Díaz. a1a. ed. aMadrid, España :bAlianza, c2002 a446 p. :bils. ;c23 cm. 0aAlianza forma ;vNo. 20 aTraducción de : Romanticism aBibliografía : p. [385]-435 aIncluye índice aRec. prop. esc.10aRomanticismo en el arte20aArte moderno ySiglo XIX1 aGómez Díaz, Remigio, tr.